| 000 | 00678nam a22002177a 4500 | ||
|---|---|---|---|
| 999 |
_c9485 _d9485 |
||
| 003 | AR-CdUCM | ||
| 008 | 190328b ||||| |||| 00| 0 spa d | ||
| 040 |
_aMUNICIPALIDAD PROVINCIAL DEL CUSCO _cBIBLIOTECA MUNICIPAL DEL CUSCO |
||
| 082 |
_a858.93 / _bP25 / 1924 |
||
| 100 |
_aPapini, Juan _925704 |
||
| 245 | _aDiccionario del hombre salvaje / | ||
| 260 |
_aBuenos Aires : _bModernas, _c[1924]. |
||
| 300 |
_a239 páginas ; _c18 cm. |
||
| 505 | _aDiccionario | ||
| 650 |
_aApologética _925705 |
||
| 650 |
_aCivilización cristiana _925706 |
||
| 700 |
_aGiuliotti, Domingo _925707 |
||
| 700 |
_aVignatti, Cornelio (traductor) _925708 |
||
| 942 |
_2ddc _cLIBROS |
||
| 945 | _aacv | ||